000 01058nam a22002537a 4500
999 _c64012
_d64012
005 20240530110710.0
008 180129s2016 ua g b 000 0 ara d
017 _a2015/11266
_bمصر. دار الكتب
020 _a9789777610889
040 _aEG-CaGPL
_cEG-CaGPL
082 0 4 _221
_a344.035 /
_bأ م
100 0 _aأحمد عبداللاه المراغى
245 1 2 _aالمعاملة العقابية للمسجون :
_bدراسة مقارنة فى النظام العقابى الوضعى والنظام العقابى الاسلامى /
_cأحمد عبداللاه المراغى
250 _aط. 1
260 _aالقاهرة :
_bالمركز القومى للاصدارات القانونية،
_c2016.
300 _a351 ص. ؛
_c24 سم.
504 _aيشتمل على ارجاعات ببليوجرافية
650 0 7 _2qrmak
_aالمسجونون
650 0 7 _2qrmak
_aالجريمة والمجرمون
650 0 7 _2qrmak
_aالعقوبات
651 _2qrmak
942 _2ddc
_cBK